The Efficiency of Leveraged ETFs from Investor’s Perspective diplomová práca

Na minha lista:
Detalhes bibliográficos
Autor principal: Klein, Jakub
Corporate Authors: Národohospodárska fakulta EU. Katedra bankovníctva a medzinárodných financií, University of Pavia. Department of Economics and Management
Outros Autores: Árendáš, Peter, 1986-
Formato: Livro
Idioma:inglês
Publicado em: Bratislava 2024
Tags: Adicionar Tag
Sem tags, seja o primeiro a adicionar uma tag!

MARC

LEADER 00000nbm a2200000 4500
001 0303186
005 20250521135335.9
041 0 |a eng 
044 |a SK 
245 1 0 |a The Efficiency of Leveraged ETFs from Investor’s Perspective  |b diplomová práca  |c Jakub Klein ; školiteľ: Peter Árendáš 
264 1 |a Bratislava  |c 2024 
300 |a 94 s. 
100 1 |a Klein, Jakub 
700 1 |a Árendáš, Peter, 1986- 
710 2 |a Národohospodárska fakulta EU. Katedra bankovníctva a medzinárodných financií 
710 2 |a University of Pavia. Department of Economics and Management